A History of Modern Pscyhology (Record no. 16893)
[ view plain ]
| 000 -LEADER | |
|---|---|
| fixed length control field | 00256nam a22001097a 4500 |
| 008 - FIXED-LENGTH DATA ELEMENTS--GENERAL INFORMATION | |
| fixed length control field | 140110t xxu||||| |||| 00| 0 eng d |
| 100 ## - MAIN ENTRY--PERSONAL NAME | |
| Personal name | Duane P. Schultz |
| 9 (RLIN) | 631 |
| 245 ## - TITLE STATEMENT | |
| Title | A History of Modern Pscyhology |
| 250 ## - EDITION STATEMENT | |
| Edition statement | 6th Ed |
| 300 ## - PHYSICAL DESCRIPTION | |
| Extent | 600 |
| 942 ## - ADDED ENTRY ELEMENTS (KOHA) | |
| Source of classification or shelving scheme | |
| Koha item type | Book |
| Withdrawn status | Lost status | Source of classification or shelving scheme | Damaged status | Not for loan | Collection code | Permanent Location | Current Location | Date acquired | Total Checkouts | Full call number | Barcode | Date last seen | Price effective from | Koha item type |
|---|---|---|---|---|---|---|---|---|---|---|---|---|---|---|
| Atta-ur-Rahman School of Applied Biosciences (ASAB) | Atta-ur-Rahman School of Applied Biosciences (ASAB) | 01/10/2014 | 150.19 Sch | ASAB105 | 01/10/2014 | 01/10/2014 | Book | |||||||
| Atta-ur-Rahman School of Applied Biosciences (ASAB) | Atta-ur-Rahman School of Applied Biosciences (ASAB) | 01/10/2014 | 150.19 Sch | ASAB104 | 01/13/2016 | 01/10/2014 | Book |
